AR-7 puška pro přežití kompaktní zbraň pilotů a Bonda

Podrobná bibliografia
Médium: Článok
Jazyk:čeština
Fyzický popis:Fotogr.
ISSN:1212-5210
Predmet:
On-line prístup:http://www.rf-hobby.cz

MARC

LEADER 00000nab a2200000 a 4500
001 vtls010312117
003 SK-MaSNL
005 20260304204304.0
008 110920 2011 xo m |p 000 0 cze
015 |a SNBRB2011/09  |2 lmaosk 
040 |a LMAOSK  |b slo  |c LMAOSK  |e AACR2 
041 0 |a cze 
044 |a xo  |c SK 
080 |a 623.442 (091)  |2 2001 
245 0 0 |a AR-7 puška pro přežití  |b kompaktní zbraň pilotů a Bonda 
300 |b Fotogr. 
500 |a Obsahuje technické údaje AR 7 
650 0 7 |a AR-7 (puška)  |2 lmaosk  |9 1537453 
650 0 7 |a strelné zbrane  |2 lmaosk  |9 68540 
650 0 7 |a palné zbrane  |2 lmaosk  |9 86626 
773 0 |t Zbraně & náboje : časopis muže, který zná svůj cíl  |g Roč. XIII, č. 9 (2011), s. 91-93  |x 1212-5210 
852 |a LMAOSK  |b KIS3GCP 
856 4 1 |u http://www.rf-hobby.cz 
958 |a NB 
999 |c 3115232  |d 3117162